[Event "Candidates sf"]
[Site "Elista"]
[Date "2007.05.27"]
[Round "1.1"]
[White "Carlsen, Magnus"]
[Black "Aronian, Levon"]
[Result "0-1"]
[WhiteElo "2693"]
[BlackElo "2759"]
[Annotator "Aronian,L"]
[PlyCount "72"]
[EventDate "2007.05.27"]
[EventType "k.o."]
[EventRounds "12"]
[EventCountry "RUS"]
[SourceTitle "CBM 119"]
[Source "ChessBase"]
[SourceDate "2007.08.01"]
[SourceVersion "1"]
[SourceVersionDate "2007.08.01"]
[SourceQuality "1"]

1. e4 {Marin,M} e5 {To give the reader a general picture of my matches 
(assuming of cours ethat he is interseted), I would say that my opponents
surprised me in the opening, by playing lines they had not used before. I
should add that I did not go in for such refinements myself.} 2. Nf3 Nc6 3. Bb5
a6 4. Ba4 Nf6 5. O-O Be7 {When I began playing the Marshall, I would usually
hold my breat in this position, and only after seeing the move 6.Re1 would I
quickly play 6...b5 7.Bb3 0-0, practically thinking that the matter was
settled. It would be interesting to know if other devotees of this variation
have experienced similar feelings of euphoria.} 6. d3 {Whereas this is the
very move I used to be afraid of.} b5 7. Bb3 d6 {Here I thought for a long tim,
as I wanted to surprise my opponent with something new.} 8. a4 Rb8 {When
playing 7...d6, I had planned to continue 8...Bd7 now, but then I changed my
mind, in view of 9. c3 0-0 10.Bc2. Probably without good reason, but that is
another story. I played 8...Rb8 because I remembered that some very strong
player had played the same way in a similar position.} 9. axb5 axb5 10. Nc3 {
The knight is needed on c3, to meet the freeing Be6 with Nd5.} O-O 11. h3 {
A useful move. Marin,M: 'Compared to the normal Anti-Marshall systems, White's
early defining of the structure in the centre has allowed Black refrain from ..
.Bb7, which places the bishop on a relatively unfavourable square. First of
all, it hits into the well defended e4-pawn, secondly, it does not contribute
to the annihilation of the white Spanish bishop.'} ({It is probably also
possible to seek some advantage after} 11. Nd5 Nxd5 12. exd5 Nd4 13. Nxd4 exd4
{, although in view of the symmetriacl nature of the position, I believe Black
should be able gradually to equalize.}) 11... Nb4 $5 $146 {I decided on this
move after rejecting Marin,M: 'Aronian spent a considerable amount of time on
this new move. Before playing the planned ...Be6, Black takes the d5-square
under firm control.'} (11... Be6 {because of} 12. Nd5 $1 (12. Bxe6 {Marin,M}
fxe6 13. d4 $6 exd4 14. Nxd4 Nxd4 15. Qxd4 c5 16. Qd3 d5 $11 {Tarrasch,
S-Leonhardt,P/San Sebastian 1912/HCL (1-0, 59)}) 12... Bxd5 (12... Qd7 $6 {
Marin,M} 13. c3) (12... Nd4 {Marin,M} 13. Nxd4 exd4 14. Bd2 $5 Nxd5 15. exd5
Bd7 16. Ra5 Ra8 17. Qa1 $14 {|^<->a Romanishin. The position is almost
symmetrical, but White's position is more active and Black still has to fight
for complete equality.}) 13. exd5 Nb4 14. g4 {This is hardly all that
terrifying, but I preferred not to go in for forcing variations, since Magnus
had been moving fairly quickly.} (14. d4 {Marin,M} e4 15. Ng5 c5 {/\ 16.dc6 d5!
} 16. c3 Nbxd5 17. dxc5 dxc5 18. Nxe4 c4 19. Bc2 b4 20. Qf3 Ra8 21. Rxa8 Qxa8 {
Romanishin,O (2595)-Nunn,J (2615)/Debrecen 1992/EU-chT/[Bulletin] (1-0, 73)}
22. Nxf6+ Nxf6 23. Qe2 $16 {Romanishin})) (11... Nd4 {Marin,M} 12. Nxd4 exd4
13. Nd5 Nxd5 14. exd5 (14. Bxd5 Be6) 14... Bd7 {Ljubicic,F (2407)-Plenkovic,Z 
(2302)/Split 2005/CBM 106 ext (1-0, 72)} 15. Bd2 $14) 12. Ne2 {This typical
Spanish knight manoeuvre is even more natural here, in view of the unwanted
guest on b4. Marin,M: 'Obviously, White will not tolerate the knight on b4 for
too long. It is also noteworthy that the transfer of the knight to g3 is
carried out without the necessity of spending a tempo on Re1 at an early stage.
'} c5 13. Ng3 ({On} 13. c3 {I was considering} Nxd3 14. Qxd3 c4 15. Bxc4 bxc4
16. Qxc4 Be6 17. Qd3 Qc7 {with well-known compensation for Black, although 13..
. Nc6 is in no way worse.}) 13... Be6 14. Bxe6 {Marin,M: 'This exchange
improves Black's control in the centre, but it was not easy to deal with the
tension in the position anyway.'} (14. Bd2 $5 {Marin,M} Nc6 $1 (14... Bxb3 15.
cxb3 Nc6 16. b4 {offers White some initiative, while 15...Nxd3 is impossible
because of 16.Ba5!.}) 15. Bxe6 (15. c3 c4 16. Bc2 d5 $36) 15... fxe6 $11) 14...
fxe6 15. c3 Nc6 {The position reached is very similar to various lines of the
Anti-Marshall. I was happy to reach a middlegame in which I was familiar with
the typical plans and ideas of both sides.} 16. Re1 {This move very much
surprised me, since I had assumed that my opponent had decided to do without
it. Marin,M: 'Finally, White plays this generally useful move anyway. The
short term purpose of the development of this rook is to inhibit ...d5.'} Qd7
$11 {A normal consolidating move in this type of position. Marin,M: 'Black's
novelty has been crowned with success. With his massive pawn centre he has
little to fear. '} 17. d4 $6 {An ambitious decision. Magnus probably did not
imagine that by giving up the centre, Black could get the better chances. I
think he should have preferred some sort of developing move, such as 17.Bd2
Marin,M: 'But this over-optimistic opening of the centre will leave Black with
a dangerous queenside majority.'} exd4 18. cxd4 c4 $1 {Since Black has active
ideas connected with Nb4, giving up the centre is not dangerous for him.} 19.
Bg5 h6 20. d5 {The attempt to ease the problems by exchanges does not bring
the desired result. After the correct Bd2, White is only a tad worse.} exd5 21.
Bxf6 ({After} 21. exd5 Nb4 {Black's initiative is too strong.}) 21... Bxf6 22.
Qxd5+ Rf7 {Marin,M: 'White has managed to weaken some of the central light
squares in Black's camp, but his knights are not well placed for taking
advantage of this relative achievement. Besides, Black's pressure against the
enemy queenside is quite strong. Apart from the obvious ...Bxb2, ...Nb4-d3 is
a strong threat. '} 23. Qd2 ({Unfortunately for White} 23. Nf5 {is refuted by}
Nb4 24. Qxd6 Qxd6 25. Nxd6 Rd7 26. e5 Nc2) 23... Ne5 ({Of course not} 23... b4
{on account of} 24. Rec1 c3 25. bxc3 bxc3 26. Rxc3 Bxc3 27. Qxc3 {and White is
not worse.}) 24. Nxe5 Bxe5 25. Ne2 {After the game, of corse, it is easy to
recommend other moves, but at the time, I also thought that this was the best
move in the position.} Rbf8 26. Rf1 {White only requires a couple of moves in
order to consolidate, but now Black turns out to have a strong resource
available.} Rf3 $3 {It is always nice to be able to make such an impudent move
with impunity. Marin,M: 'A very elegant rook sacrifice, taking advantage of
Black's perfect coordination. Apart from the brutal threat of continuing the
attack with ...Rxh3, Black enables the transfer of the rook to d3 or b3. '} 27.
Ra3 {After this, White is lost.} ({Naturally} 27. gxf3 {is bad because of} Rxf3
{and White is defenceless.}) ({The only way to attempt to cast doubt on
Black's idea was by} 27. Qd5+ Kh7 28. Rad1 {, although after the strong} Qc8 {
Black still has a very strong position. For example, after} 29. Qxb5 {there
follows} Rxh3 30. f4 Rb3 31. Qd5 Bxb2 32. Qxd6 Ba3 {and Black is practically
winning.}) 27... Rxa3 28. bxa3 Qc6 29. Nd4 {More stubborn is 29.Qe3 although
it also looks fairly dismal.} Bxd4 {Since I saw that it was very hard for
White to defend the pawns on a3 and e4, I spared myself the effort of looking
for other moves.} 30. Qxd4 Ra8 31. Ra1 {31.Qb2 was the last chance to muddy
the waters.} c3 32. Qb4 Qc5 33. Qb3+ Kh8 34. Ra2 Ra4 35. Re2 Rxa3 36. Qd1 Ra8
0-1

[Event "GRE-chT 39th"]
[Site "Eretria"]
[Date "2011.07.08"]
[Round "7.6"]
[White "Naiditsch, Arkadij"]
[Black "Atalik, Suat"]
[Result "1/2-1/2"]
[WhiteElo "2706"]
[BlackElo "2619"]
[Annotator "Atalik,S"]
[PlyCount "121"]
[EventDate "2011.07.03"]
[EventType "team-swiss"]
[EventRounds "7"]
[EventCountry "GRE"]
[SourceTitle "CBM 143 Extra"]
[Source "ChessBase"]
[SourceDate "2011.08.29"]
[SourceVersion "1"]
[SourceVersionDate "2011.08.29"]
[SourceQuality "1"]
[WhiteTeam "Chalkidos Palamidis"]
[BlackTeam "Thessaloniki Galaxias"]
[WhiteTeamCountry "GRE"]
[BlackTeamCountry "GRE"]

1. e4 e5 2. Nf3 Nc6 3. Bb5 a6 4. Ba4 Nf6 5. O-O Be7 6. d3 $5 {This little move
came forward in the last years.} b5 7. Bb3 d6 8. a4 $5 Bd7 9. c3 (9. Bd2 Bg4
10. c3 O-O 11. h3 Bd7 $11) 9... h6 $5 ({What was wrong with} 9... O-O 10. Re1
Na5 11. Bc2 c5 12. d4 Qc7 13. d5 c4 $132) 10. Nbd2 Na5 11. Bc2 c5 12. d4 cxd4
13. cxd4 Qc7 14. b3 Rc8 15. Bb1 bxa4 ({The following lines should have been
avoided.} 15... O-O 16. Bb2 Nc6 17. axb5 axb5 18. Qe2 $14) (15... Nc6 16. axb5
axb5 17. Bb2 exd4 18. Nxd4 Nxd4 19. Bxd4 O-O 20. Qf3 $14) 16. bxa4 exd4 $6 {
I am not happy with this meek move.} (16... O-O 17. dxe5 dxe5 18. Bb2 Bd6 19.
Bd3 Rfe8 $14) (16... Nc6 $142 $5) 17. Bb2 O-O 18. Bd3 Nc6 (18... d5 19. e5) 19.
Bxa6 Rb8 20. Qc1 (20. Bb5 Na7 21. Rc1 Qd8 22. Bxd7 Rxb2 23. Bf5 g6 24. Bh3 Rb4
$13) 20... Qa7 21. Bb5 Rfc8 22. Qd1 d3 $6 (22... d5 23. e5 Ne4 24. Nxd4 Nxe5
25. Nxe4 dxe4 26. Qe2 Bf6 $13 27. Qxe4 $140 $2 Nc4) (22... Bd8 $5 {did not
come to my mind!} 23. Rc1 Bb6 24. Nc4 Bc5 $132) 23. Qb1 $1 (23. Qb3 Qb7 24.
Rab1 Na7) 23... Qb7 24. Ba3 (24. Qxd3 Nb4) 24... Ne5 25. Nxe5 Bxb5 26. Qxb5 $5
({It is not clear if he had to play} 26. Nxf7 Kxf7 $1 (26... Bc6 $5 27. Nxd6 (
27. Qa2 Bd5) 27... Qxb1 28. Nxb1 Rc7 $44) (26... Bxa4 $2 27. Qxb7 Rxb7 28. Nxd6
Bxd6 29. Bxd6 Rb2 30. Bf4 $16) 27. axb5 Qxb5 28. Qe1 (28. Qa2+ Kg6) 28... Ra8
29. Qe3 Rc2 30. Rfd1 Kg8 $11 {and White is tied up after all.}) (26. axb5 dxe5
27. Bxe7 Qxe7 28. Qxd3 Rd8 29. Qe2 Qb4 $11) 26... dxe5 27. Qxb7 Rxb7 28. Bxe7
Rxe7 29. f3 Rc2 30. Rfd1 Ra7 $5 (30... Nd7 $142 31. Nb3 Rc3 32. Rab1 Nb6 33. a5
Nc4 $11) (30... Rb7 $6 31. Nf1 $1 $16 (31. Kf2 Nd7)) 31. Kf2 Nd7 32. Ke3 Nc5
33. a5 g6 34. g4 h5 $6 {Too aggressive!} (34... Kg7 35. Rdb1 (35. h4 f5 $1 36.
exf5 gxf5 37. gxf5 Kf6 38. Ne4+ Kxf5 39. Nxc5 Rxc5 40. Rxd3 Raxa5 41. Rxa5 Rxa5
42. Rd6 h5 43. Rh6 Ra3+ 44. Kf2 e4 $11) 35... Ne6 36. Kxd3 Rac7 37. Ra3 Nf4+
38. Ke3 Rd7 39. Rd1 Ng2+ 40. Ke2 Nf4+ $11) 35. g5 (35. gxh5 $5 f5 36. exf5 (36.
f4 exf4+ 37. Kxf4 fxe4) 36... gxf5 37. f4 e4 38. Rdb1 $36 {with a perfect
blockade!}) 35... Rb2 $6 (35... Ne6 $142 36. Kxd3 Rc5 37. Nc4 (37. Nb3 Rb5 38.
Ra3 Rxb3+ 39. Rxb3 Nc5+ 40. Kc4 Nxb3 41. Kxb3 Rxa5 $11) 37... Nxg5 $13) 36. Ra3
Kg7 37. Rb1 (37. Rc1 Rc2) 37... Rxb1 (37... Rc2 38. Rb6 Rc1) 38. Nxb1 Nb7 $2 {
Very bad play by me in this part of the game.} (38... f6 39. gxf6+ Kxf6 40. Nd2
g5 $132) 39. a6 Nc5 40. Ra5 Nxa6 41. Nd2 $16 {With a very nasty pin after all.}
Ra8 (41... h4 42. h3) 42. Nc4 (42. Rxe5 Nc7 (42... Rc8)) 42... Rc8 43. Nd6 (43.
Nxe5 Nb4 44. Ra7 Nc6 45. Nxc6 Rxc6 $14) 43... Rc6 $5 (43... d2 44. Kxd2 Nc5 45.
Ke3 Rc6 46. Ne8+ Kf8 47. Nf6 Ne6 48. h4 (48. Nd7+ Kg7 49. Nxe5 Rc3+ 50. Kd2 Rb3
51. h4 Nd4 52. f4 Nf3+ 53. Nxf3 Rxf3 54. f5 gxf5 55. Rxf5 Rg3 56. Rf4 Kg8 $11 {
Where is the beef?})) 44. Ne8+ Kf8 45. Nf6 Rd6 (45... Kg7 46. h4 (46. Rxe5 Nc7)
46... Nc5 47. Ra8 Rxf6 48. gxf6+ Kxf6 49. Rd8 Ne6 50. Rxd3 g5 51. hxg5+ Kxg5
$11) 46. Kd2 h4 $2 (46... Nc7 47. Rxe5 Ne6 48. h4 Ra6 49. Kxd3 Ra1 50. Rb5 Ra3+
51. Kc4 Rxf3 52. Rb8+ Ke7 53. e5 Nd8 {and Black survives!}) 47. Nd5 $2 $138 {
A very bad move.} ({He had to pick up the pawn.} 47. Rxe5 Nc7 48. Rc5 Ne6 49.
Rc8+ Rd8 50. Rxd8+ Nxd8 51. Nd7+ Ke7 52. Nc5 f6 53. gxf6+ Kxf6 54. Nxd3 g5 55.
Ke3 Nf7 56. h3 $16) 47... h3 48. Ra1 (48. Kxd3 Nc7 $11) 48... Rc6 49. Rb1 $2 {
Another bad move.} (49. Kxd3 Nc5+ 50. Ke3 Ne6 51. Ra8+ Kg7 52. Rg8+ Kxg8 53.
Ne7+ Kg7 54. Nxc6 Nxg5 55. Nxe5 $11) (49. Ra5 $5) 49... Rc2+ 50. Kxd3 Rxh2 51.
Nf6 $2 {and the final mistake!} (51. Ke3 Kg7 52. Nf6 Rg2 53. Ng4 $44) 51... Rg2
$2 $138 {Rejecting to win!} (51... Nc5+ 52. Ke3 Ne6 53. Nd7+ (53. Ng4 Ra2 54.
Nxe5 Nxg5 55. Rh1 Kg7 $19) 53... Kg7 54. Nxe5 Ra2 $1 $19 (54... Nxg5 $2 55. f4)
) 52. Ke3 (52. Rh1 Nc5+ 53. Ke3 Ne6 54. Rxh3 Nxg5 55. Nh7+ Nxh7 56. Rxh7 $15)
52... h2 (52... Nc5 53. Rh1 Ne6 54. Rxh3 Nxg5 55. Nh7+ Nxh7 56. Rxh7 $15) 53.
Rh1 Nb4 54. Nd7+ $1 (54. Ng4 $6 Nc2+ 55. Kd3 Nd4 56. Nxe5 Ne6 57. Ng4 Nxg5 58.
Rxh2 $1 Nxf3 59. Rxg2 Ne1+ 60. Kd4 Nxg2 61. Ke5 $15) 54... Kg7 55. Nxe5 Nc2+
56. Kf4 {Anything draws.} (56. Kd3 Ne1+ 57. Ke3 Rxg5 58. Ng4 f5 59. exf5 gxf5
60. Kf4 $1 $11) 56... Nd4 57. Ng4 Ne2+ 58. Ke5 Ng1 59. Nxh2 Rxg5+ 60. Kf4 Rh5
61. Rxg1 1/2-1/2

[Event "SWE-ch"]
[Site "Skara"]
[Date "2002.07.12"]
[Round "11"]
[White "Cicak, Slavko"]
[Black "Ahlander, Bjorn"]
[Result "1-0"]
[WhiteElo "2537"]
[BlackElo "2419"]
[Annotator "Atlas,V"]
[PlyCount "61"]
[EventDate "2002.06.30"]
[EventType "tourn"]
[EventRounds "13"]
[EventCountry "SWE"]
[EventCategory "9"]
[SourceTitle "CBM 091"]
[Source "ChessBase"]
[SourceDate "2002.11.12"]
[SourceVersion "1"]
[SourceVersionDate "2002.11.12"]
[SourceQuality "1"]

1. e4 e5 2. Nf3 Nc6 3. Bb5 a6 4. Ba4 Nf6 5. d3 b5 6. Bb3 Be7 7. O-O d6 8. a4
Rb8 9. axb5 axb5 10. c3 O-O 11. d4 Qe8 12. Re1 Bg4 13. Qd3 Bxf3 14. gxf3 Nh5
15. f4 Nxf4 16. Bxf4 exf4 17. Qf3 Bg5 18. Qg4 Bh6 19. Nd2 Qd8 20. Ra6 Ne7 21.
e5 Kh8 22. exd6 cxd6 23. Qh5 f5 24. Re6 Nc8 25. Bc2 b4 26. c4 Rb7 27. Ra8 Rbf7
28. Nf3 Rf6 29. Rxf6 Qxf6 {[%tqu "En","How should White use the power of his
active pieces?","Exploit the weakness of Black's back rank.","Use your queen!",
"h5f5","This is a nice touch!",4]} 30. Qxf5 $1 {[%csl Rc8,Rf8,Rh8][%cal Ga8h8]
This elegant queen move, exploiting the weakness of Black's back rank, spells
a quick end for Black.} Qg6+ ({Or} 30... Qxf5 31. Bxf5 {, and Black loses his
knight.}) 31. Kf1 (31. Qxg6 hxg6 32. Nh4 {was winning too}) (31. Kf1 {, and
Black resigned, as after} Qxf5 (31... Rxf5 32. Rxc8+ Rf8 33. Rxf8#) 32. Bxf5 {
he cannot save his knight.}) 1-0

[Event "Moscow Aeroflot op"]
[Site "Moscow"]
[Date "2002.02.05"]
[Round "2"]
[White "Isaev, Jamshed"]
[Black "Mamedyarov, Shakhriyar"]
[Result "0-1"]
[WhiteElo "2455"]
[BlackElo "2522"]
[Annotator "Atlas,V"]
[PlyCount "115"]
[EventDate "2002.02.04"]
[EventType "swiss"]
[EventRounds "9"]
[EventCountry "RUS"]
[SourceTitle "CBM 088"]
[Source "ChessBase"]
[SourceDate "2002.03.21"]
[SourceVersion "1"]
[SourceVersionDate "2002.03.21"]
[SourceQuality "1"]

1. e4 e5 2. Nf3 Nc6 3. Bb5 a6 4. Ba4 Nf6 5. d4 exd4 6. O-O Be7 7. Re1 O-O 8. e5
Nd5 9. c3 Nb6 10. Bxc6 dxc6 11. Nxd4 c5 12. Nb3 Be6 13. N1d2 Qd5 14. Ne4 Rad8
15. Qxd5 Rxd5 16. f4 Bf5 17. Ng3 Bd3 18. Nd2 Rfd8 19. Nf3 Na4 20. c4 R5d7 21.
b3 Nb6 22. f5 Bc2 23. Kf2 a5 24. Bf4 Rd4 25. Nxd4 cxd4 26. e6 Rc8 27. exf7+
Kxf7 28. Ne4 h6 29. g4 a4 30. Nd2 Nd7 31. Nf3 axb3 32. axb3 Bxb3 33. Nxd4 Bc5
34. Be3 Bxc4 35. Ne6 Be7 36. Bf4 Nc5 37. Nxc5 Bxc5+ 38. Kg3 c6 39. h4 Bd4 40.
Rad1 c5 41. g5 Ra8 42. Bd6 Kg8 43. Re7 Bd5 44. Be5 Ra3+ 45. Kf4 $4 ({A
terrible mistake, allowing Black to gain a decisive material advantage.
Essential was} 45. Kh2) 45... Be3+ $1 ({Certainly not} 45... Rf3+ $2 46. Kg4)
46. Kg4 {[%tqu "En","White's decision to place his king on the fourth rank was
definitely not well deliberated. How would you continue?","Exploit a shaky
position of enemy rooks.","Use your light-squared bishop for the final
strike!","d5f3","The bishop sacrifce yields Black a decisive material
advantage.",4]} Bf3+ $1 {[%csl Rd1,Re7][%cal Gf3d1,Gf3g4,Ge3g5,Gg5e7,Ga3f3]}
47. Kxf3 (47. Kh3 Bxd1 48. Rxg7+ Kf8 {is hopeless for White.}) 47... Bxg5+ 48.
Ke4 Bxe7 49. Rg1 Bf8 50. f6 $2 (50. Bxg7 $1 {was definitely more stubborn.})
50... g6 $1 {Preparing decisive march of Black's king.} 51. Rxg6+ Kf7 52. Rg1
Ke6 $1 {[%csl Re4,Re5,Rh4][%cal Ga3a4,Ga4h4] Threatening 53...Ra4+} 53. Bb2 Rb3
54. Ba1 Rb4+ 55. Kf3 Rxh4 56. Re1+ Kf7 57. Rd1 Ra4 58. Bb2 0-1

[Event "Moscow"]
[Site "Moscow"]
[Date "1981.04.??"]
[Round "9"]
[White "Timman, Jan H"]
[Black "Beliavsky, Alexander G"]
[Result "1/2-1/2"]
[WhiteElo "2620"]
[BlackElo "2620"]
[Annotator "Belov,I"]
[PlyCount "83"]
[EventDate "1981.04.08"]
[EventType "tourn"]
[EventRounds "13"]
[EventCountry "URS"]
[EventCategory "15"]
[SourceTitle "MCL"]
[Source "ChessBase"]
[SourceDate "1999.07.01"]
[SourceVersion "1"]
[SourceVersionDate "1999.07.01"]
[SourceQuality "1"]

1. e4 e5 2. Nf3 Nc6 3. Bb5 a6 4. Ba4 Nf6 5. O-O Be7 6. d4 exd4 7. Re1 O-O (7...
b5 $5) 8. e5 Ne8 (8... Nd5 9. Bb3 Nb6 10. Nxd4 Nxd4 11. Qxd4 d5 12. exd6 Bf6 $1
13. Qe4 cxd6 14. Nc3 Bxc3 15. bxc3 d5 16. Qe7 Qxe7 17. Rxe7 Nc4 $10 {
Feistenauer,F-Donev,I/Gotzis/1990/Inf 50/(372)/}) 9. c3 (9. Bf4 $6 b5 (9... d6
$2 10. Bxc6 bxc6 11. Nxd4 Qd7 12. Qf3 d5 13. Nc3 Rb8 {Duric,S-Beliavsky,A/YUG/
1992/0:1 (33) Inf 55/340/} 14. b3 g6 15. Rad1 $16 {Beliavsky/}) (9... f6 10.
Bxc6 bxc6 11. Qxd4 Rb8 12. a3 c5 13. Qc4+ Kh8 14. Nc3 $14 {Przewoznik,J-Lhagva,
G/Naleczow/1982/1:0 (23) Inf 34/411/})) 9... dxc3 (9... b5 10. Bb3 d5 11. cxd4
Bg4 12. Nc3 Bb4 13. a3 Ba5 14. Be3 Bxc3 15. bxc3 f5 $6 (15... Na5 $142) 16. Bg5
$1 {Berkovich,M-Zaitsev,I/Moscow(ch)/1983/1:0 (38)/}) 10. Nxc3 d6 11. exd6 Nxd6
(11... cxd6 12. Nd5 Bf6 13. Be3 (13. Qd3 $142 {/\ Bc2/}) 13... Be6 14. Bb6 Qd7
15. Rc1 Bxb2 16. Rc2 Bf6 17. Nb4 $14 {Cramling,P-Korchnoi,V/London/1982/0,5 
(42) Inf 34/410/}) 12. Nd5 (12. Bf4 b5 13. Bb3 Nc4 14. Nd5 Bd6 15. Bg5 Qd7 16.
Re4 $44 {Romanishin,O-Tukmakov,V/URS(ch)/1981/}) 12... Be6 (12... Bf6 13. Bf4
$16 {/\ Nc7/}) 13. Bxc6 bxc6 14. Nxe7+ Qxe7 15. Ng5 (15. Qc2 $5) 15... Qf6 16.
Nxe6 fxe6 17. Qe2 Rf7 $6 (17... e5 $5 $13) 18. f3 Nf5 $6 (18... Re7 $142) 19.
Qxe6 Qd4+ 20. Kh1 Rb8 (20... Nd6 21. Qb3 Kh8 22. Be3 $16) 21. Qxc6 $16 h6 (
21... Qf2 22. Bf4 Qxb2 (22... Rxb2 $2 23. Re8+ Rf8 24. Qe6+ $18) 23. Re8+ Rxe8
24. Qxe8+ Rf8 25. Qe6+ Kh8 26. Rd1 $16) 22. Qe4 Qf2 23. b3 Rd8 24. Be3 (24. Bf4
$5) 24... Nxe3 25. Qxe3 (25. Rxe3 Rd2 26. Rg1 Rxa2 $10) 25... Qxe3 26. Rxe3 Rd2
27. b4 $6 (27. a3 $142) 27... Rf4 $1 28. a3 Rc4 $44 29. h3 Rcc2 30. Rg1 $8 c5
31. bxc5 Rxc5 32. Re4 Ra2 (32... Ra5 33. Ra1 Rc5 34. Rb1 Rcc2 35. Rg4 $16) 33.
Ra4 a5 $10 34. h4 h5 35. Kh2 Kh7 36. Kh3 Kh6 37. Rb1 Rcc2 38. Rb6+ $5 g6 39. g4
$8 Rh2+ 40. Kg3 Rag2+ 41. Kf4 Rxh4 42. Rxa5 1/2-1/2